Ekonomická dimenzia spoločensky zodpovedného podnikania v chemickom priemysle

Problematika spoločensky zodpovedného podnikania v ekonomickej, sociálnej a environmentálnej oblasti s aplikáciou na podniky chemického priemyslu

Saved in:
Bibliographic Details
Main Author: Vicianová, Jana
Format: Book Chapter
Language:Slovak
Subjects:
Tags: Add Tag
No Tags, Be the first to tag this record!

MARC

LEADER 00000naa a2200000 4500
001 0152726
005 20220718112953.4
041 0 |a slo 
044 |a CZ 
245 1 0 |a Ekonomická dimenzia spoločensky zodpovedného podnikania v chemickom priemysle  |c Jana Vicianová 
520 |a Problematika spoločensky zodpovedného podnikania v ekonomickej, sociálnej a environmentálnej oblasti s aplikáciou na podniky chemického priemyslu 
610 2 0 |a podnikanie zodpovedné 
610 2 0 |a priemysel chemický 
610 2 0 |a podnik priemyselný 
610 2 0 |a rozvoj trvalo udržateľný 
610 2 0 |a ochrana prostredia životného 
100 1 |a Vicianová, Jana